[Event "III Torneo Internazionale"]
[Site "Eksjo SWE"]
[Date "1975.03.??"]
[Round "1"]
[White "Peev, Peicho Chonev"]
[Black "Paoli, Enrico"]
[Result "1/2-1/2"]
[WhiteElo "2425"]
[BlackElo "2270"]
[PlyCount "113"]
[EventDate "1975.03.24"]

1. d4 d5 2. c4 c6 3. Nc3 Nf6 4. Nf3 e6 5. e3 dxc4 6. Bxc4 b5 7. Bd3 Nbd7 8. O-O
Be7 9. e4 b4 10. Na4 Bb7 11. Qe2 O-O 12. e5 Nd5 13. Qe4 g6 14. Bh6 Re8 15. Rac1
Rc8 16. h4 Qa5 17. b3 Ba6 18. h5 Bxd3 19. Qxd3 c5 20. Nd2 cxd4 21. Nc4 Qd8 22.
Qxd4 Bg5 23. hxg6 hxg6 24. Bxg5 Qxg5 25. Rce1 Red8 26. Qxa7 Kg7 27. Re4 Qh5 28.
f3 Rc7 29. Qd4 Rh8 30. Kf2 Qh2 31. Rg4 Rh5 32. Re1 Rc8 33. Nab2 Ra8 34. Nd2 Rf5
35. Na4 Rf4 36. Re4 Rxg4 37. fxg4 Qh4+ 38. Kf3 Qh1 39. Nc4 Qf1+ 40. Kg3 g5 41.
Nd2 Qh1 42. Nf3 Qc1 43. Qc4 Rc8 44. Qxc1 Rxc1 45. Re2 Kg6 46. Rd2 Nc5 47. Nxc5
Rxc5 48. Kf2 Ra5 49. Ke2 Nc3+ 50. Kd3 Nxa2 51. Kc4 Ra8 52. Nd4 Rc8+ 53. Kb5
Rb8+ 54. Ka5 Rd8 55. Kb5 Rb8+ 56. Kc4 Rc8+ 57. Kb5 1/2-1/2

[Event "III Torneo Internazionale"]
[Site "Eksjo SWE"]
[Date "1975.03.??"]
[Round "2"]
[White "Paoli, Enrico"]
[Black "Schneider, Lars-Ake"]
[Result "1-0"]
[WhiteElo "2270"]
[BlackElo "2380"]
[PlyCount "61"]
[EventDate "1975.03.24"]

1. e4 e5 2. Nc3 Nc6 3. f4 exf4 4. Nf3 Nf6 5. d4 d5 6. e5 Ne4 7. Bxf4 Bb4 8. Qd3
Bf5 9. Qe3 O-O 10. a3 Ba5 11. Bd3 f6 12. O-O fxe5 13. Bxe5 Nxe5 14. Nxe5 Bxc3
15. bxc3 Nd6 16. Bxf5 Nxf5 17. Qf3 Qd6 18. Qd3 Ne7 19. Rxf8+ Rxf8 20. Rf1 Nc6
21. Rxf8+ Qxf8 22. c4 Nxe5 23. dxe5 Qc5+ 24. Kh1 Qxc4 25. Qf5 g6 26. Qe6+ Kg7
27. Qf6+ Kh6 28. e6 Qxc2 29. h3 d4 30. e7 d3 31. e8=Q 1-0

[Event "III Torneo Internazionale"]
[Site "Eksjo SWE"]
[Date "1975.03.??"]
[Round "3"]
[White "Kinnmark, Ove"]
[Black "Paoli, Enrico"]
[Result "1/2-1/2"]
[WhiteElo "2385"]
[BlackElo "2270"]
[PlyCount "166"]
[EventDate "1975.03.24"]

1. e4 c5 2. Nf3 Nc6 3. Bb5 e6 4. O-O Nge7 5. Re1 a6 6. Bf1 d5 7. exd5 Nxd5 8.
d4 Nf6 9. Be3 cxd4 10. Nxd4 Nxd4 11. Bxd4 Bd7 12. c4 Bc6 13. Nc3 Be7 14. Qd3
O-O 15. Rad1 Qc7 16. Be5 Qa5 17. Qg3 Nh5 18. Qe3 Qc5 19. Qh3 g6 20. g4 Nf6 21.
Re3 Rad8 22. Rxd8 Rxd8 23. Be2 Rd2 24. b3 Qa3 25. Bf3 Qc1+ 26. Kg2 Qc2 27. Qg3
Nd7 28. Bxc6 bxc6 29. Ne4 Rd1 30. Nc3 Rd2 31. Ne4 Re2 32. Bc3 Rxe3 33. Qxe3 c5
34. g5 Qd1 35. Qg3 Bf8 36. Qf4 e5 37. Bxe5 Nxe5 38. Qxe5 Qg4+ 39. Kf1 Qd1+ 40.
Kg2 Qg4+ 41. Ng3 Qc8 42. h3 h6 43. f4 hxg5 44. fxg5 Qd8 45. Ne4 Qd3 46. Nf6+
Kg7 47. Nd7+ Kg8 48. Nxf8 Qd2+ 49. Kf3 Qd1+ 50. Kg2 Qd2+ 51. Kg3 Qd3+ 52. Kh4
Kxf8 53. Qxc5+ Kg8 54. Qe5 Qf3 55. c5 Qf2+ 56. Kg4 Qg2+ 57. Kf4 Qxh3 58. Ke4
Qg2+ 59. Kd4 Qxa2 60. Qb8+ Kg7 61. Qe5+ Kg8 62. Qe3 Qg2 63. Qe8+ Kg7 64. Qe7
Qb2+ 65. Kc4 Qc2+ 66. Kb4 Qd2+ 67. Ka4 Qa2+ 68. Kb4 Qd2+ 69. Kc4 Qc2+ 70. Kd5
Qxb3+ 71. Kc6 a5 72. Qf6+ Kh7 73. Kd6 a4 74. c6 a3 75. c7 Qb6+ 76. Kd7 Qb5+ 77.
Kd8 Qd5+ 78. Ke8 Qb5+ 79. Kf8 Qc5+ 80. Qe7 Qxe7+ 81. Kxe7 a2 82. c8=Q a1=Q 83.
Qh3+ Kg8 1/2-1/2

[Event "III Torneo Internazionale"]
[Site "Eksjo SWE"]
[Date "1975.03.??"]
[Round "4"]
[White "Paoli, Enrico"]
[Black "Ornstein, Axel"]
[Result "0-1"]
[WhiteElo "2270"]
[BlackElo "2430"]
[PlyCount "98"]
[EventDate "1975.03.24"]

1. e4 c5 2. Nf3 e6 3. d4 cxd4 4. Nxd4 Nf6 5. Nc3 d6 6. Be2 a6 7. f4 Qc7 8. Bf3
Nc6 9. Be3 Be7 10. O-O O-O 11. Qe1 Nxd4 12. Bxd4 e5 13. Be3 b5 14. a3 Bb7 15.
Rd1 Bc6 16. f5 a5 17. g4 Qb7 18. Nd5 Bxd5 19. exd5 e4 20. g5 exf3 21. gxf6 Bxf6
22. Bd4 Rfe8 23. Qg3 Bxd4+ 24. Rxd4 Qb6 25. c3 Re4 26. f6 g6 27. Rfd1 Rae8 28.
Qxf3 R4e5 29. Qf2 Rf5 30. Rf4 Qxf2+ 31. Rxf2 Rxf2 32. Kxf2 Re5 33. a4 bxa4 34.
c4 Rf5+ 35. Kg3 Rxf6 36. c5 Kf8 37. cxd6 Rxd6 38. Kf4 Ke7 39. Ke5 Rb6 40. Rc1
Kd7 41. Rc5 f6+ 42. Kd4 Rb4+ 43. Kd3 Kd6 44. Rxa5 Rxb2 45. Kc4 Rc2+ 46. Kd4
Rd2+ 47. Kc4 Ke5 48. Ra7 Rc2+ 49. Kd3 Rxh2 0-1

[Event "III Torneo Internazionale"]
[Site "Eksjo SWE"]
[Date "1975.03.??"]
[Round "5"]
[White "Enklaar, Bertus F."]
[Black "Paoli, Enrico"]
[Result "1/2-1/2"]
[WhiteElo "2410"]
[BlackElo "2270"]
[PlyCount "46"]
[EventDate "1975.03.24"]

1. e4 c5 2. Nf3 Nc6 3. d4 cxd4 4. Nxd4 Nf6 5. Nc3 d6 6. Bg5 e6 7. Qd2 Be7 8.
O-O-O O-O 9. f4 Nxd4 10. Qxd4 Qa5 11. Bc4 Bd7 12. e5 dxe5 13. fxe5 Bc6 14. h4
Rad8 15. Qf4 Nh5 16. Qg4 Bxg5+ 17. Qxg5 g6 18. Be2 Ng7 19. h5 f6 20. Qg4 Qxe5
21. hxg6 hxg6 22. Qxg6 Qg5+ 23. Qxg5 fxg5 1/2-1/2

[Event "III Torneo Internazionale"]
[Site "Eksjo SWE"]
[Date "1975.03.??"]
[Round "6"]
[White "Paoli, Enrico"]
[Black "Hecht, Hans-Joachim"]
[Result "0-1"]
[WhiteElo "2270"]
[BlackElo "2490"]
[PlyCount "54"]
[EventDate "1975.03.24"]

1. e4 e6 2. d4 d5 3. Nd2 Nf6 4. e5 Nfd7 5. Ngf3 c5 6. dxc5 Nc6 7. Bb5 Nxc5 8.
O-O Bd7 9. Re1 Be7 10. a4 O-O 11. b3 a6 12. Bf1 f5 13. exf6 Bxf6 14. Ba3 b6 15.
a5 Nd4 16. Rc1 Nb5 17. Bxb5 axb5 18. Bb4 Rc8 19. axb6 Qxb6 20. Qe2 Rf7 21. Qe3
d4 22. Qf4 Na6 23. Bd6 Be7 24. Qxf7+ Kxf7 25. Ne5+ Ke8 26. Bxe7 Kxe7 27. Ndf3
Nb4 0-1

[Event "III Torneo Internazionale"]
[Site "Eksjo SWE"]
[Date "1975.03.??"]
[Round "7"]
[White "Vinje-Gulbrandsen, Arne"]
[Black "Paoli, Enrico"]
[Result "1/2-1/2"]
[WhiteElo "2335"]
[BlackElo "2270"]
[PlyCount "92"]
[EventDate "1975.03.24"]

1. d4 d5 2. c4 c6 3. Nf3 Nf6 4. Nc3 dxc4 5. a4 Bf5 6. e3 e6 7. Bxc4 Bb4 8. O-O
O-O 9. Qe2 Nbd7 10. e4 Bg6 11. e5 Nd5 12. Bd2 Qa5 13. Rfc1 Rac8 14. Bd3 Ne7 15.
Bxg6 hxg6 16. Ne4 Nf5 17. g4 Bxd2 18. Nexd2 Ne7 19. b4 Qd8 20. Ne4 Nd5 21. Nd6
Rc7 22. Rab1 Qe7 23. g5 f6 24. gxf6 gxf6 25. Kh1 fxe5 26. Ne4 Nf4 27. Qe3 exd4
28. Nxd4 Ne5 29. Rc5 Nfd3 30. f4 Nxc5 31. Nxc5 Ng4 32. Qxe6+ Qxe6 33. Ndxe6 Rh7
34. Nxf8 Rxh2+ 35. Kg1 Kxf8 36. Nxb7 Ra2 37. Nd8 Nh2 38. Rb3 Ng4 39. a5 Rc2 40.
Rg3 Nf6 41. Rxg6 Ke7 42. f5 Rc4 43. Ne6 Rxb4 44. Rg7+ Kd6 45. Rxa7 Ra4 46. a6
Ke5 1/2-1/2

[Event "III Torneo Internazionale"]
[Site "Eksjo SWE"]
[Date "1975.03.??"]
[Round "8"]
[White "Paoli, Enrico"]
[Black "Ek, Hans"]
[Result "1/2-1/2"]
[WhiteElo "2270"]
[BlackElo "2345"]
[PlyCount "82"]
[EventDate "1975.03.24"]

1. e4 c5 2. Nf3 e6 3. d4 cxd4 4. Nxd4 a6 5. c4 Nf6 6. Nc3 Bb4 7. Bd3 Nc6 8. Nc2
Bxc3+ 9. bxc3 d5 10. exd5 exd5 11. Qe2+ Be6 12. Ba3 Qa5 13. Bb4 Nxb4 14. cxb4
Qc7 15. c5 O-O 16. O-O a5 17. a3 axb4 18. axb4 b6 19. Nd4 Rxa1 20. Rxa1 bxc5
21. Nxe6 fxe6 22. Qxe6+ Kh8 23. bxc5 Qxc5 24. Rf1 Qd4 25. Qd6 Re8 26. Bb5 Rc8
27. Ba6 Rg8 28. Be2 Ne4 29. Qa3 Nc3 30. Bf3 Qd2 31. Qe7 d4 32. g3 d3 33. Kg2
Qc2 34. h4 d2 35. Qd6 h6 36. h5 Re8 37. Ra1 Rg8 38. Qc6 Qd3 39. Ra3 d1=Q 40.
Bxd1 Qxd1 41. Rxc3 Qxh5 1/2-1/2

[Event "III Torneo Internazionale"]
[Site "Eksjo SWE"]
[Date "1975.03.??"]
[Round "9"]
[White "Akvist, Hakan"]
[Black "Paoli, Enrico"]
[Result "1-0"]
[WhiteElo "2315"]
[BlackElo "2270"]
[PlyCount "79"]
[EventDate "1975.03.24"]

1. e4 c5 2. Nf3 Nc6 3. d4 cxd4 4. Nxd4 Nf6 5. Nc3 d6 6. h3 Bd7 7. Be3 a6 8. g4
h6 9. Bg2 Rc8 10. Qe2 g6 11. Rd1 Bg7 12. O-O O-O 13. f4 Qc7 14. Rf2 Nxd4 15.
Bxd4 Bc6 16. h4 b5 17. g5 hxg5 18. hxg5 Nh5 19. f5 Bxd4 20. Rxd4 e5 21. Rd2 Nf4
22. Qg4 b4 23. Nd1 Rcd8 24. Rxf4 exf4 25. f6 Qb6+ 26. Kh1 f3 27. Bxf3 Qb5 28.
Qh3 Bxe4 29. Bxe4 Qe5 30. Re2 Qf4 31. Nf2 Qxg5 32. Ng4 Rfe8 33. Rh2 Qh5 34.
Qxh5 gxh5 35. Nh6+ Kh8 36. Nxf7+ Kg8 37. Nxd8 Rxe4 38. Rxh5 Re1+ 39. Kg2 Rc1
40. f7+ 1-0